[Event "It (open)"]
[Site "masterchessopen.com - Abudhabi (United Arab Emirates)"]
[Date "2007.08.16"]
[Round "5"]
[White "Anastasian Ashot (ARM)"]
[Black "Gopal G N (IND)"]
[Result "1-0"]
[WhiteElo "2571"]
[BlackElo "2520"]

{ Anastasian Ashot (ARM) +0 =1 -0 Gopal G N (IND) +0 =0 -2 } 1.d4 Nf6 2.c4 c5
3.d5 e6 4.Nc3 exd5 5.cxd5 d6 6.Nf3 g6 7.g3 Bg7 8.Bg2 O-O 9.O-O Re8 10.Nd2 a6
11.a4 Nbd7 12.h3 ( 12.Nc4 Ne5 13.Na3 Nh5 14.h3 f5 15.Kh2 Bd7 16.f4 Nf7 17.Nc4
b5 18.axb5 axb5 19.Rxa8 Qxa8 20.Nb6 Qb7 21.Nxd7 Qxd7 22.e4 b4 23.Ne2 Nf6
24.exf5 gxf5 25.Qd3 Nh6 26.b3 Qf7 27.Bf3 Qg6 28.Rf2 Ne4 29.Rg2 Nf6 30.Kh1 Nhg4
31.Ng1 Nh6 { ...1/2-1/2, Anastasian Ashot 2587 - Evdokimov Alexander A 2531 ,
Moscow 20. 2.2007 It (open) "Aeroflot" } ) 12...Rb8 13.Nc4 Ne5 14.Na3 Nh5
15.e4 Bd7 { =/? } ( 15...Rf8 16.Kh2 Bd7 17.a5 b5 18.axb6 Bb5 19.Naxb5 axb5
20.Nxb5 Qxb6 21.Na3 Qa6 22.Re1 c4 23.Bf1 Qb6 24.Kg2 Rfc8 25.Qc2 Qb3 26.Qxb3
Rxb3 27.Re3 Nd3 28.Nxc4 Nxc1 29.Rxc1 Rxe3 30.fxe3 Nf6 31.Bd3 Nd7 32.b4 Ne5
33.Be2 Nxc4 34.Bxc4 Bf6 35.Kf3 { ...1-0, Grigoryan Avetik 2489 - Gopal G N
2480 , Martuni 8. 7.2007 It "Lake Sevan" (cat.12) } ) 16.a5 ( 16.g4 Qh4
17.gxh5 Bxh3 18.Qe2 f5 19.Qe3 Bxg2 20.Kxg2 Qxh5 21.f3 b5 22.axb5 axb5 23.Rh1
Qxf3+ 24.Qxf3 Nxf3 25.Naxb5 Nd4 26.Nxd6 Red8 27.Ra6 fxe4 28.Ndxe4 Nb5 29.Nxb5
Rxb5 30.d6 Be5 31.Ra7 Rb4 32.Re1 Rf8 33.Re2 Rd4 34.Bh6 Rd8 35.Bg5 { 1-0,
Mikhalevski Victor 2566 - Pruess David 2391 , Santa Monica 19. 5.2004 It
(cat.9) } ) 16...b5 ( 16...Qxa5 17.g4 Nf6 18.g5 ( 18.f4 Nexg4 19.hxg4 Nxg4
20.f5 { -0.44 CAP } ) 18...Nh5 19.f4 c4 20.Be3 Nxf4 21.Rxf4 Qd8 22.Nc2 Nd3
23.Qf3 Nxb2 24.Nd4 Rf8 25.Rf6 Qe7 26.Bf1 h6 27.h4 Qe5 28.Qf4 Rbc8 29.Qxe5 dxe5
30.Nf3 Bxf6 31.gxf6 Rfe8 32.Rb1 Na4 33.Nxa4 Bxa4 34.Rxb7 c3 35.Bxa6 c2 36.Bc1
{ ...0-1, Lacrosse Marc 2253 - Marin Mihail 2566 , Cannes 2002 It (open) } )
17.axb6 { +0.26 CAP } 17...Bb5 { N } ( 17...Rxb6 18.Kh2 f5 19.f4 fxe4 20.Nxe4
Nf7 21.Nc4 Bb5 22.Nxb6 Bxf1 23.Qxf1 Qxb6 24.Qxa6 Qb4 25.Qe2 Kf8 26.Ra7 Qb8
27.Qa6 Rd8 28.Rb7 Qa8 29.Qc6 Kg8 30.Qc7 Rf8 31.g4 Qa1 32.Be3 Nf6 33.Nxd6 Qe1
34.Qe7 Qh4 35.Bxc5 Bh6 36.Nxf7 Bxf4+ 37.Kh1 { ...1-0, Civin Tomas 2410 - Nokes
Roger I 2316 , Queenstown 24. 1.2006 It (open) } ) 18.Naxb5 axb5 19.Nxb5 Qxb6
20.Na3 c4 21.Kh2 Qc5 22.Be3 Qb4 23.Nc2 Qxb2 24.Ra6 Red8 25.Nd4 c3 { ?! } (
25...Ra8 { !? } 26.Qa1 Qb7 27.Rxa8 Rxa8 28.Rb1 Qc8 29.Qc3 Nd3 30.Qc2 Qa6 { } )
26.Nc6 c2 27.Qc1 Nxc6 28.Rxc6 Rbc8 29.Qd2 Rxc6 30.dxc6 Rc8 31.e5 Qxe5 32.Rc1
Nf6 33.Bf4 Qf5 34.Rxc2 d5 35.c7 h6 36.g4 Qe6 37.Rc5 Bf8 38.Rxd5 Nxd5 39.Qxd5
Qf6 40.Bg3 Qe7 41.Qc4 Qd7 42.Bb7 Bd6 43.Bxc8 Bxg3+ 44.Kxg3 Qxc8 45.Qc5 Kg7
46.Qe7 { } {#r} 1-0

[Event "It (open)"]
[Site "masterchessopen.com - Panevezys (Lithuania)"]
[Date "2007.08.20"]
[Round "4"]
[White "Bazevicius Albertas (LTU)"]
[Black "Kalvyte Vesta (LTU)"]
[Result "0-1"]
[WhiteElo "1880"]
[BlackElo "1998"]

1.d4 Nf6 2.c4 c5 3.d5 e6 4.Nc3 exd5 5.cxd5 d6 6.g3 g6 7.Bg2 Bg7 8.Nf3 O-O
9.O-O Re8 10.Nd2 a6 11.a4 Nbd7 12.e4 Ne5 13.h3 Nd3 14.Qc2 Nxc1 15.Rfxc1 Nd7
16.a5 b5 17.axb6 Nxb6 18.b3 f5 19.Kh2 f4 20.Rf1 Qf6 21.Rac1 a5 22.Qd1 Ba6
23.Ne2 Nd7 24.Nxf4 Bxf1 25.Qxf1 Bh6 26.Qe2 Bxf4 27.gxf4 Qxf4+ 28.Kh1 a4
29.bxa4 Rxa4 30.Rd1 Rea8 31.Qg4 Qxg4 32.hxg4 Ne5 33.Bh3 Rd4 34.f4 Nf3 35.Nxf3
Rxd1+ 36.Kg2 Ra2+ 37.Kg3 c4 38.g5 c3 39.e5 c2 40.exd6 c1=Q 41.d7 Rg1+ 42.Nxg1
Qxg1+ 43.Kh4 Qf2+ 44.Kg4 Ra8 {#R} 0-1

[Event "Memorial A.Rubinstein (open) (a)"]
[Site "masterchessopen.com - Polanica Zdroj (Poland)"]
[Date "2007.08.20"]
[Round "4"]
[White "Lubczynski Rafal (POL)"]
[Black "Maciejewski Miroslaw (POL)"]
[Result "0-1"]
[WhiteElo "2377"]
[BlackElo "2295"]

1.d4 Nf6 2.c4 g6 3.g3 Bg7 4.Bg2 O-O 5.Nf3 c5 6.d5 d6 7.O-O e6 8.Nc3 exd5
9.cxd5 a6 10.a4 Re8 11.Nd2 Nbd7 12.h3 Rb8 13.Rb1 Qc7 14.Qc2 b5 15.b3 b4 16.Nd1
Rxe2 17.Ne3 Ne5 18.Qd1 Rxe3 19.fxe3 a5 20.Bb2 Qe7 21.Bxe5 Qxe5 22.Nc4 Qxg3
23.Qe1 Qg5 24.h4 Qh5 25.Nxd6 Ba6 26.Bf3 Qe5 27.Nc4 Bxc4 28.bxc4 Ne8 29.Rb3 Nd6
30.Be2 Re8 31.Rf3 Qe4 32.Qg3 Be5 33.Qe1 Qc2 34.Rb1 Qxa4 35.h5 Qd7 36.Qh4 a4
37.Bd1 b3 {#R} 0-1

[Event "Ch Tatarstan (open)"]
[Site "masterchessopen.com - Kazan (Russia)"]
[Date "2007.08.23"]
[Round "4"]
[White "Ponfilenok Vladimir (RUS)"]
[Black "Rodchenkov Sergey D (RUS)"]
[Result "1-0"]
[WhiteElo "2412"]
[BlackElo "2386"]

1.d4 Nf6 2.c4 e6 3.g3 c5 4.d5 exd5 5.cxd5 d6 6.Nc3 g6 7.Bg2 a6 8.a4 Bg7 9.Nf3
O-O 10.O-O Re8 11.Nd2 Nbd7 12.Nde4 Nxe4 13.Nxe4 Qe7 14.Bg5 Qf8 15.Bf4 Ne5
16.Qb3 h6 17.Qb6 Nc4 18.Qb3 Ne5 19.Qb6 Rd8 20.Rac1 a5 21.Nd2 Ra6 22.Qb3 Qe7
23.Rfe1 Qc7 24.Bxe5 Bxe5 25.Nc4 Bg7 26.e4 Bd4 27.Bf1 Bd7 28.Na3 Raa8 29.Bb5
Bh3 30.Bf1 Bd7 31.Bb5 Re8 32.Kg2 h5 33.h4 f5 34.exf5 Rxe1 35.Rxe1 Bxf5 36.Bd3
Qf7 37.Bxf5 Qxf5 38.f4 b6 39.Nb5 Rd8 40.Re2 Qb1 41.Nxd4 cxd4 42.Qxb6 {#r} 1-0

[Event "It (a)"]
[Site "masterchessopen.com - Lugansk (Ukraine)"]
[Round "3"]
[White "Kobylkin Evgeni (UKR)"]
[Black "Garakov Mikhael (RUS)"]
[Result "0-1"]
[WhiteElo "2347"]
[BlackElo "2412"]

1.d4 Nf6 2.c4 c5 3.d5 e6 4.Nc3 exd5 5.cxd5 d6 6.Nf3 g6 7.g3 Bg7 8.Bg2 O-O
9.O-O Re8 10.Nd2 a6 11.a4 Nbd7 12.Nc4 Nb6 13.Na3 Bd7 14.a5 Nc8 15.Nc4 Bb5
16.Qb3 Bxc4 17.Qxc4 Nd7 18.Bd2 b5 19.axb6 Ncxb6 20.Qb3 c4 21.Qc2 Nc5 22.Be3
Nb3 23.Rad1 Qc7 24.Ne4 Na4 25.Bf4 Rad8 26.Nc3 Nxc3 27.bxc3 a5 28.Bc1 Qc5
29.Be3 Rxe3 30.fxe3 Qxe3+ 31.Kh1 Qxc3 32.Qxc3 Bxc3 33.Rf4 Rc8 34.Be4 a4 35.Bb1
Be5 36.Rff1 c3 37.Bc2 Rc4 38.e3 Nd2 39.Rf2 Rb4 40.Ra1 Rb2 41.Bxa4 Nc4 42.Rff1
Nxe3 43.Rfe1 Ng4 44.Rxe5 Nxe5 45.Rc1 Nf3 46.Bc2 Nd4 {#R} 0-1

[Event "Ch Provincial"]
[Site "masterchessopen.com - Matanzas (Cuba)"]
[Date "2007.10.02"]
[Round "2"]
[White "Munoz Santiago (CUB)"]
[Black "Hernandez Noel (CUB)"]
[Result "0-1"]
[WhiteElo "2090"]
[BlackElo "2181"]

1.d4 Nf6 2.Nf3 g6 3.g3 Bg7 4.Bg2 O-O 5.c4 d6 6.O-O c5 7.d5 a6 8.Nc3 e6 9.a4
exd5 10.cxd5 Re8 11.Nd2 Nbd7 12.e4 Rb8 13.Nc4 Ne5 14.Nxe5 Rxe5 15.f4 Re8 16.h3
b5 17.axb5 axb5 18.e5 b4 19.Ne2 Nd7 20.exd6 Nb6 21.g4 Qxd6 22.f5 Nc4 23.Qc2
Ne3 24.Bxe3 Rxe3 25.Rf3 Qe5 {#R} 0-1

[Event "It (open)"]
[Site "masterchessopen.com - Sautron (France)"]
[Date "2007.10.27"]
[Round "1"]
[White "Friedel Joshua E (USA)"]
[Black "Crouan Stephane (FRA)"]
[Result "0-1"]
[WhiteElo "2477"]
[BlackElo "2207"]

1.d4 Nf6 2.c4 c5 3.d5 e6 4.Nc3 exd5 5.cxd5 d6 6.Nf3 g6 7.g3 Bg7 8.Bg2 O-O
9.O-O Re8 10.Nd2 a6 11.a4 Nbd7 12.Nc4 Nb6 13.Na3 Bd7 14.Bf4 Nh5 15.Bd2 Nxa4
16.Nxa4 b5 17.Bf3 bxa4 18.Bxh5 gxh5 19.Bc3 Qe7 20.Bxg7 Kxg7 21.Qd2 Rab8 22.Nc4
Qf6 23.Rac1 Rb4 24.Rc3 Bg4 25.Re1 h6 26.h3 Re4 27.hxg4 Rexc4 28.Rxc4 Rxc4
29.gxh5 Rb4 30.Rb1 a3 31.b3 a5 32.Qa2 Qc3 33.Qxa3 a4 34.Rc1 Qxb3 35.Qa1+ Qb2
36.Qxb2+ Rxb2 37.Ra1 Rxe2 38.Rxa4 Re5 39.g4 Rxd5 40.Kg2 f5 {#R} 0-1

[Event "Ch PriFO (juniors) (under 18)"]
[Site "masterchessopen.com - Gorodets (Russia)"]
[Round "0"]
[White "Simagin Maxim (RUS)"]
[Black "Kahramanov Bahtijar (RUS)"]
[Result "1-0"]
[WhiteElo "1955"]
[BlackElo "2015"]

1.d4 Nf6 2.Nf3 g6 3.g3 Bg7 4.Bg2 O-O 5.O-O c5 6.d5 d6 7.c4 e6 8.Nc3 exd5
9.cxd5 Re8 10.Nd2 a6 11.a4 Nbd7 12.e4 Rb8 13.Nc4 Nb6 14.Ne3 Nbd7 15.Nc4 Ne5
16.Nxe5 Rxe5 17.f4 Re8 18.a5 b5 19.axb6 Rxb6 20.h3 Rb4 21.Re1 Nd7 22.Qf3 f5
23.Re2 Nb6 24.exf5 Bxf5 25.Rxa6 Qc8 26.Ra7 Rxe2 27.Nxe2 Bxh3 28.Bxh3 Qxh3
29.Qe3 Qf5 30.Qe7 {#r} 1-0

[Event "Tournament (Elo)"]
[Site "masterchessopen.com - Lipetsk (Russia)"]
[Date "2007.11.12"]
[Round "2"]
[White "Popov Yuri (RUS)"]
[Black "Venevtsev Andrey (RUS)"]
[Result "1-0"]
[WhiteElo "2191"]
[BlackElo "2148"]

1.d4 Nf6 2.c4 c5 3.d5 e6 4.Nc3 exd5 5.cxd5 d6 6.Nf3 g6 7.g3 Bg7 8.Bg2 O-O
9.Nd2 a6 10.a4 Nbd7 11.O-O Re8 12.Nde4 Nxe4 13.Nxe4 Qc7 14.Bf4 Ne5 15.Rc1 f5
16.Ng5 Qe7 17.Ne6 Bxe6 18.dxe6 Rad8 19.Qb3 Nc6 20.Bg5 Qxg5 21.e7+ Kh8
22.exd8=Q Rxd8 23.Bxc6 bxc6 24.e3 h5 25.h4 Qg4 26.Qb6 Rc8 27.Qxa6 f4 28.Rc4
Bd4 29.exd4 Qh3 30.Rc3 cxd4 31.Rf3 Rg8 32.Qxc6 g5 33.Qxd6 Qg4 34.Qh6# 1-0

[Event "Bundesliga B West 2007/08"]
[Site "masterchessopen.com - Austria"]
[Date "2007.11.18"]
[Round "5"]
[White "Pitl Gregory (GER)"]
[Black "Medvegy Zoltan (HUN)"]
[Result "0-1"]
[WhiteElo "2403"]
[BlackElo "2512"]

{ Medvegy Zoltan (HUN) +1 =0 -0 } 1.d4 Nf6 2.c4 e6 3.g3 c5 4.d5 exd5 5.cxd5 d6
6.Nc3 g6 7.Bg2 Bg7 8.Nf3 O-O 9.O-O a6 10.a4 Re8 11.Nd2 Nbd7 12.Nc4 Ne5 13.Na3
Nh5 14.h3 Rb8 ( 14...b6 15.Be3 f5 16.Qc1 Bd7 { -0.60 CAP } ) 15.e4 Bd7 { =/? }
16.a5 ( 16.g4 Qh4 17.gxh5 Bxh3 18.Qe2 f5 19.Qe3 Bxg2 20.Kxg2 Qxh5 21.f3 b5
22.axb5 axb5 23.Rh1 Qxf3+ 24.Qxf3 Nxf3 25.Naxb5 Nd4 26.Nxd6 Red8 27.Ra6 fxe4
28.Ndxe4 Nb5 29.Nxb5 Rxb5 30.d6 Be5 31.Ra7 Rb4 32.Re1 Rf8 33.Re2 Rd4 34.Bh6
Rd8 35.Bg5 { 1-0, Mikhalevski Victor 2566 - Pruess David 2391 , Santa Monica
19. 5.2004 It (cat.9) } ) 16...Qxa5 17.g4 Nf6 18.g5 ( 18.f4 Nexg4 19.hxg4 Nxg4
20.f5 { -0.44 CAP } ) 18...Nh5 19.f4 Nc4 20.Nxc4 Qxa1 21.Nxd6 Bxc3 ( 21...Bd4+
22.Kh2 Re7 ( 22...Red8 { -1.06 CAP } ) 23.Qf3 b5 24.e5 b4 25.Nce4 Bb5 26.Nxb5
axb5 27.Nf6+ Nxf6 28.gxf6 Ra7 29.Qg3 Bxb2 30.Be3 Qa3 31.Qg5 Kh8 32.Bxc5 Raa8
33.Be7 Qd3 34.e6 fxe6 35.Qh6 Rg8 36.f7 b3 37.fxg8=Q+ Kxg8 38.Qh4 Bc3 39.Rf3
Qc2 40.Rxc3 Qxc3 41.Bf6 { ...1/2-1/2, Hulak Krunoslav 2495 - Nunn John D M
2565 , Toluca 1982 Izt (cat.12) } ) ( 21...Re7 22.e5 Nxf4 23.Bxf4 Qxb2 24.Nce4
Qxe5 25.Nc4 { 1-0, Camus De Solliers Guillaume 2314 - Marzolo Cyril 2491 ,
Paris 7.2007 Ch Paris (open) } ) 22.bxc3 Qxc3 23.Nxe8 Rxe8 { -0.44 CAP }
24.Qe1 { N } ( 24.Rf3 Qd4+ 25.Qxd4 cxd4 26.Rd3 Rc8 27.Bd2 a5 28.Bf3 a4 29.Bg4
f5 30.gxf6 Nxf6 31.Bxd7 Nxd7 32.e5 Nb6 33.e6 Nxd5 34.Rxd4 Ne7 35.Rxa4 Nc6
36.Re4 Kf8 37.Bb4+ Ke8 38.Kg2 b5 39.Bc5 Ne7 40.Bf2 Rb8 41.Bc5 Rc8 42.Bf2 Nc6
43.Bc5 Rd8 { ...0-1, Avrukh Boris 2645 - Kamsky Gata 2724 , Khanty Mansyisk
27.11.2007 Cup World } ) 24...Qxe1 25.Rxe1 b5 26.Kf2 a5 27.Ke3 b4 28.Bd2 { ?!
} ( 28.Kd3 { !? } 28...b3 29.Be3 Ng3 30.Bd2 a4 31.Kc3 Kf8 32.Be3 { } ) 28...c4
29.Kd4 c3 30.Be3 Rc8 31.Bf1 b3 32.Ba6 b2 33.Bxc8 c2 34.Bxd7 b1=Q 35.Rc1 Ng3 {
} {#R} 0-1

[Event "Ch World (juniors) (under 18)"]
[Site "masterchessopen.com - Kemer (Turkey)"]
[Date "2007.11.20"]
[Round "3"]
[White "Linster Philippe (LUX)"]
[Black "Skovgaard Peter (DEN)"]
[Result "1-0"]
[WhiteElo "2085"]
[BlackElo "2253"]

1.d4 Nf6 2.c4 e6 3.Nf3 c5 4.d5 exd5 5.cxd5 d6 6.Nc3 g6 7.g3 Bg7 8.Bg2 O-O
9.O-O Re8 10.Nd2 a6 11.a4 Nbd7 12.Nc4 Nb6 13.Na3 Bd7 14.Qb3 Nxa4 15.Nxa4 b5
16.Nxc5 dxc5 17.Qc2 c4 18.e4 Qe7 19.d6 Qxd6 20.e5 Qxe5 21.Bxa8 Rxa8 22.Bf4 Qe6
23.Rad1 Qh3 24.f3 Bf5 25.Qd2 Bd3 26.Rfe1 Nd5 27.Be5 Bh6 28.Qf2 Bf8 29.Bd4 Rd8
30.Nc2 a5 31.Ne3 Nb4 32.Ng4 Nd5 33.Qd2 h5 34.Qg5 hxg4 35.Qxd8 gxf3 36.Rd2 Ne7
37.Bc5 Qc8 38.Bxe7 Qxd8 39.Bxd8 Bc5+ 40.Rf2 Bd4 41.Bxa5 Be2 42.Bc3 Bc5 43.Ra1
f5 44.Ra5 {#r} 1-0

[Event "Memorial C.Torre (open)"]
[Site "masterchessopen.com - Merida (Mexico)"]
[Date "2007.12.15"]
[Round "1"]
[White "Cordova Emilio (PER)"]
[Black "Tey Joaquin (MEX)"]
[Result "1-0"]
[WhiteElo "2493"]
[BlackElo "2059"]

1.d4 Nf6 2.Nf3 c5 3.d5 e6 4.c4 exd5 5.cxd5 g6 6.Nc3 d6 7.g3 Bg7 8.Bg2 O-O
9.O-O a6 10.a4 Nbd7 11.Nd2 Re8 12.h3 b6 13.Nc4 Ne5 14.Na3 Nh5 15.e4 Rb8 16.Kh2
f5 17.f4 fxe4 18.fxe5 Nxg3 19.Kxg3 Bxe5+ 20.Kf2 e3+ 21.Ke2 Qg5 22.Bf3 Bxh3
23.Ne4 Bxf1+ 24.Qxf1 Qh4 25.Nc4 Bxb2 26.Bxb2 Rxe4 27.Bxe4 Qxe4 28.Qf7+ Kxf7
29.Nxd6+ Ke7 30.Nxe4 c4 31.Rf1 {#r} 1-0

[Event "Ch Chess Club"]
[Site "masterchessopen.com - Tula (Russia)"]
[Date "2007.12.26"]
[Round "9"]
[White "Sviridov Vladislav (RUS)"]
[Black "Manaenkov Vladimir (RUS)"]
[Result "0-1"]
[WhiteElo "2162"]
[BlackElo "2211"]

1.d4 Nf6 2.Nf3 c5 3.d5 e6 4.c4 exd5 5.cxd5 d6 6.Nc3 g6 7.g3 Bg7 8.Bg2 O-O
9.O-O a6 10.a4 Nbd7 11.Nd2 Re8 12.Nc4 Ne5 13.Na3 Rb8 14.f4 Neg4 15.e4 Nh5
16.Bf3 Bd4+ 17.Kg2 f5 18.exf5 Ngf6 19.Ne2 Be3 20.Bxe3 Rxe3 21.fxg6 hxg6 22.Nc2
Rb3 23.Ra2 Qd7 24.Nc3 Qh3+ 25.Kg1 Bg4 26.Bxg4 Nxg4 27.Qe2 Nhf6 28.Qg2 Qxg2+
29.Kxg2 Re8 30.h3 Ne3+ 31.Nxe3 Rxe3 32.Kf2 Rd3 33.Re1 Kf7 34.Re6 Nxd5 35.Rxd6
Nxf4 36.Rxd3 Nxd3+ 37.Ke3 Nb4 38.Ra3 Nc2+ 39.Kd3 Nxa3 40.bxa3 Rxa3 41.Kc4
Rxc3+ 42.Kxc3 b5 43.axb5 axb5 44.h4 g5 {#R} 0-1

[Event "It \"]
[Site "masterchessopen.com - Las Vegas (USA)"]
[Date "2007.12.28"]
[Round "5"]
[White "Yanayt Eugene (USA)"]
[Black "Garcia Gildardo (COL)"]
[Result "0-1"]
[WhiteElo "2235"]
[BlackElo "2430"]

1.d4 Nf6 2.c4 e6 3.g3 c5 4.d5 exd5 5.cxd5 d6 6.Nc3 g6 7.Bg2 Bg7 8.Nf3 O-O
9.O-O Re8 10.Nd2 a6 11.a4 Nbd7 12.e4 Rb8 13.a5 b5 14.axb6 Nxb6 15.Qc2 Ng4
16.h3 Ne5 17.Kh2 f5 18.exf5 Bxf5 19.Nde4 Ra8 20.Qb3 Nf7 21.Bf4 h5 22.Ra3 a5
23.Rfa1 a4 24.Nxa4 Nxa4 25.Rxa4 Rb8 26.Qc4 Rxb2 27.R4a2 Rxa2 28.Rxa2 g5 29.Be3
Qe7 30.Nd2 g4 31.h4 Be5 32.Bf4 Rb8 33.Bxe5 Qxe5 34.Ra7 Rb2 35.Ra2 Rxa2 36.Qxa2
Qe2 37.Kg1 Ne5 38.Qa8+ Kg7 39.Nf1 Nd3 40.Qd8 Qxf2+ 41.Kh2 Ne5 42.Qe7+ Nf7
43.Ne3 Bd3 44.Qe6 Qf6 45.Be4 Qxe6 46.dxe6 Bxe4 {#R} 0-1

[Event "Ch Niedersachsen"]
[Site "masterchessopen.com - Verden (Germany)"]
[Date "2008.01.05"]
[Round "9"]
[White "Plischki Sebastian (GER)"]
[Black "Mueer Sebastian (GER)"]
[Result "1-0"]
[WhiteElo "2409"]
[BlackElo "2030"]

1.d4 Nf6 2.c4 c5 3.d5 e6 4.Nc3 exd5 5.cxd5 d6 6.Nf3 g6 7.g3 Bg7 8.Bg2 O-O
9.O-O a6 10.a4 Re8 11.Nd2 Nbd7 12.Ra2 Rb8 13.a5 Ne5 14.h3 Nh5 15.Kh2 f5 16.f4
Nd7 17.Nc4 Qc7 18.Qd3 Nhf6 19.b3 b5 20.axb6 Nxb6 21.Na5 Ra8 22.Bd2 Bd7 23.Nc6
Kh8 24.Rfa1 Bxc6 25.dxc6 d5 26.Rxa6 Rxa6 27.Rxa6 Qxc6 28.Na4 Nfd7 29.Nxb6 Nxb6
30.Ba5 Rb8 31.Bxb6 Rxb6 32.Bxd5 Qc7 33.Qe3 Bd4 34.Qe8+ Kg7 35.Rxb6 Qxb6 36.g4
fxg4 37.hxg4 Kh6 38.g5+ Kh5 39.Kh3 {#r} 1-0

[Event "It (open)"]
[Site "masterchessopen.com - Guben (Germany)"]
[Date "2008.01.07"]
[Round "9"]
[White "Lubczynski Rafal (POL)"]
[Black "Marholev Dimitar (BUL)"]
[Result "0-1"]
[WhiteElo "2423"]
[BlackElo "2421"]

1.d4 Nf6 2.c4 g6 3.g3 Bg7 4.Bg2 O-O 5.Nc3 c5 6.d5 d6 7.Nf3 e6 8.O-O exd5
9.cxd5 a6 10.a4 Nbd7 11.Nd2 Re8 12.Nc4 Nb6 13.Na3 Bd7 14.Bf4 Nh5 15.Bd2 Bxc3
16.Bxc3 Nxa4 17.Bd2 Nxb2 18.Qc1 Na4 19.Bf3 b5 20.g4 Nf6 21.Bg5 h6 22.Bxh6 Bxg4
23.Qf4 Bxf3 24.Qxf3 Ne4 25.Nc2 Qh4 26.Be3 Nac3 27.Kh1 Qf6 28.Qg4 Nxd5 29.Qg2
Qf5 {#R} 0-1

[Event "It (open)"]
[Site "masterchessopen.com - Sevilla (Spain)"]
[Date "2008.01.07"]
[Round "4"]
[White "Fernandez Ruiz Manuel A (ESP)"]
[Black "Barria Daniel (CHI)"]
[Result "0-1"]
[WhiteElo "2083"]
[BlackElo "2443"]

1.d4 Nf6 2.c4 e6 3.g3 c5 4.d5 exd5 5.cxd5 d6 6.Bg2 g6 7.Nc3 Bg7 8.Nf3 O-O
9.O-O a6 10.a4 Re8 11.Nd2 Nbd7 12.e4 Rb8 13.Nc4 Ne5 14.Nxe5 Rxe5 15.Bf4 Re8
16.Re1 Ng4 17.h3 Ne5 18.Qc2 b5 19.axb5 axb5 20.Ra7 b4 21.Ne2 b3 22.Qb1 Qb6
23.Ra4 Bd7 24.Ra1 Bb5 25.Bxe5 Bxe5 26.Nc3 c4 27.Qc1 Bxg3 28.Qd2 Be5 29.Bf1 Bd7
30.Kg2 Rbc8 31.Ra3 Qd4 32.Qe2 Qb6 33.Qd2 Qd8 34.f4 Bg7 35.Ra6 Qh4 36.Qe3 Bxh3+
37.Kg1 {#R} 0-1

[Event "Ch England (team) 2007/08"]
[Site "masterchessopen.com - England"]
[Date "2008.01.12"]
[Round "5"]
[White "Twyble Michael (ENG)"]
[Black "Cornette Matthieu (FRA)"]
[Result "0-1"]
[WhiteElo "2261"]
[BlackElo "2548"]

1.d4 Nf6 2.c4 e6 3.Nf3 c5 4.d5 d6 5.Nc3 exd5 6.cxd5 g6 7.g3 Bg7 8.Bg2 O-O
9.O-O Re8 10.Nd2 a6 11.a4 Nbd7 12.Nc4 Ne5 13.Nxe5 Rxe5 14.e4 Rb8 15.Rb1 Re8
16.Re1 b5 17.axb5 axb5 18.b4 Ng4 19.Bb2 cxb4 20.Na2 Nxf2 21.Qd2 Ng4 22.Bxg7
Kxg7 23.Qd4+ Ne5 24.Nxb4 Bd7 25.Rbc1 Rc8 26.Rf1 Kg8 27.Qa7 Rxc1 28.Rxc1 Qa8
29.Rc7 Qxa7+ 30.Rxa7 Rc8 31.Bf1 Rc1 32.Nd3 Nxd3 33.Rxd7 b4 34.Rb7 Rb1 35.Kg2
Nc5 36.Rb8+ Kg7 37.e5 Nd7 38.Rd8 Nxe5 39.Rxd6 Rb2+ 40.Kh3 Nf3 {#R} 0-1

[Event "Ch Azerbaijan"]
[Site "masterchessopen.com - Baku (Azerbaijan)"]
[Date "2008.01.19"]
[Round "1"]
[White "Abbasov Farid (AZE)"]
[Black "Durarbeyli Vasif (AZE)"]
[Result "1-0"]
[WhiteElo "2578"]
[BlackElo "2434"]

1.d4 Nf6 2.c4 e6 3.g3 c5 4.d5 exd5 5.cxd5 d6 6.Nc3 g6 7.Bg2 Bg7 8.Nf3 O-O
9.Nd2 a6 10.a4 Nbd7 11.O-O Re8 12.h3 b6 13.Kh2 Rb8 14.Nc4 Qc7 15.Bf4 Bf8
16.Na3 Nh5 17.Bd2 f5 18.e4 fxe4 19.Nxe4 b5 20.Ng5 Ne5 21.f4 b4 22.fxe5 bxa3
23.e6 axb2 24.Qf3 bxa1=Q 25.Qf7+ Kh8 26.Qxc7 Rb7 27.Qc6 Qxf1 28.Bxf1 Rbe7
29.Nf7+ Kg8 30.Nxd6 Bxe6 31.dxe6 Rxe6 32.Bc4 {#r} 1-0

[Event "It (cat.8)"]
[Site "masterchessopen.com - Budapest (Hungary)"]
[Date "2008.02.03"]
[Round "2"]
[White "Porat Ido (ISR)"]
[Black "Roussel-Roozmon Thomas (CAN)"]
[Result "0-1"]
[WhiteElo "2363"]
[BlackElo "2486"]

1.d4 Nf6 2.c4 e6 3.g3 c5 4.d5 exd5 5.cxd5 d6 6.Nc3 g6 7.Bg2 Bg7 8.Nf3 O-O
9.O-O Re8 10.Nd2 a6 11.a4 Nbd7 12.h3 Rb8 13.Nc4 Nb6 14.Na3 Bd7 15.e4 Qc7
16.Be3 Nxa4 17.Nxa4 Nxe4 18.Nc2 b5 19.Bxe4 Rxe4 20.Nc3 Ree8 21.Bf4 b4 22.Na4
Bxh3 23.Re1 Bd7 24.Ne3 Bb5 25.Rc1 Be5 26.Bxe5 Rxe5 27.b3 Rbe8 28.Qd2 Qe7
29.Nb2 Re4 30.Ng2 Qf6 31.Qc2 Re2 32.Rxe2 Rxe2 33.Qxe2 Bxe2 34.Rc2 Bf3 35.Ne3
Qe5 {#R} 0-1